Nuevos realismos, 1957-1962 (Record no. 186498)

MARC details
000 -LEADER
campo de control de longitud fija 01060nam a2200229 i 4500
001 - NÚMERO DE CONTROL
campo de control 186498
003 - IDENTIFICADOR DE NÚMERO DE CONTROL
campo de control SpMaBN
005 - FECHA Y HORA DE LA ÚLTIMA TRANSACCIÓN
campo de control 20250905102002.0
008 - DATOS DE LONGITUD FIJA--INFORMACIÓN GENERAL
campo de control de longitud fija 161118s2010 sp ao c |||| |dspa d
020 ## - NÚMERO INTERNACIONAL ESTÁNDAR DEL LIBRO
Número Internacional Estándar del Libro 978-84-8026-418-1
080 ## - NÚMERO DE LA CLASIFICACIÓN DECIMAL UNIVERSAL
Número de la Clasificación Decimal Universal 7.036(083.824)
245 00 - MENCIÓN DEL TÍTULO
Título Nuevos realismos, 1957-1962
Resto del título : estrategias del objeto, entre "readymade" y espectáculo : [exposición : Museo Nacional Centro de Arte Reina Sofía, 15 de junio-4 de octubre de 2010] /
Mención de responsabilidad, etc. edición a cargo de Julia Robinson ; con textos de Ágnes Berecz, Benjamin H.D. Buchloh, Emmelyn Butterfield-Rosen, Hannah Feldman, Julia Robinson.
260 ## - PUBLICACIÓN, DISTRIBUCIÓN, ETC.
Lugar de publicación, distribución, etc. [Madrid] :
Nombre del editor, distribuidor, etc. Museo Nacional Centro de Arte Reina Sofía,
Fecha de publicación, distribución, etc. [2010]
300 ## - DESCRIPCIÓN FÍSICA
Extensión 294 p. :
Otras características físicas principalmente il. col. y n., fot. ;
Dimensiones 28 cm.
650 #7 - PUNTO DE ACCESO ADICIONAL DE MATERIA--TÉRMINO DE MATERIA
Término de materia o nombre geográfico como elemento de entrada Arte-
Subdivisión cronológica S.XX-
Subdivisión de forma Exposiciones.
9 (RLIN) 10140
655 #7 - TERMINO DE INDIZACIÓN--GENERO/FORMA
Fuente del término tgfbne
9 (RLIN) 193628
Datos o término principal de género/forma Catálogos de exposiciones
700 1# - ENTRADA AGREGADA--NOMBRE PERSONAL
Nombre de persona Robinson, Julia.
9 (RLIN) 161318
710 2# - ENTRADA AGREGADA--NOMBRE DE ENTIDAD CORPORATIVA
Nombre de entidad corporativa o nombre de jurisdicción como elemento de entrada Museo Nacional Centro de Arte Reina Sofía
9 (RLIN) 147737
852 ## - LOCALIZACIÓN
Ubicación ES-MaACL
Número de control de estantería L-30842
942 ## - ELEMENTOS DE ENTRADA SECUNDARIOS (KOHA)
Fuente del sistema de clasificación o colocación Clasificación decimal universal
Holdings
Estatus retirado Estado de pérdida Estado de daño No para préstamo Biblioteca de origen Biblioteca actual Ubicación en estantería Fecha de adquisición Fuente de adquisición Total de préstamos Signatura topográfica completa Código de barras Visto por última vez Precio de reemplazo Tipo de ítem Koha
        Biblioteca del Ateneo de Madrid Biblioteca del Ateneo de Madrid Depósito 2 18/11/2016     L-30842 1196664 23/02/2023 23/02/2023 Libro impreso